مقدمة لدراسة علم اللغة / (رقم التسجيلة. 17748)

تفاصيل مارك
000 -الفاتح
عناصر البيانات ثابتة الطول 00722cam a2200217 i 4500
005 - تاريخ ووقت آخر معاملة
حقل ضبط 20260217094810.0
008 - عناصر البيانات ثابتة الطول
عناصر البيانات ثابتة الطول 250721s1999 ua gr 000 0 ara d
082 14 - رقم تصنيف ديوي العشري
رقم التصنيف 401
رقم المادة خ ل ي
100 1# - مدخل رئيسي – اسم شخصي
الاسم الشخصي خليل، حلمي
علاقة الشخص بالعمل/ دوره مؤلف.
245 10 - بيان العنوان
العنوان مقدمة لدراسة علم اللغة /
بيان المسؤولية دكتور حلمى خليل.
264 31 - بيانات النشر، التوزيع…إلخ
مكان النشر، التوزيع...إلخ الاسكندرية :
اسم الناشر، الموزع...إلخ دار المعرفة الجامعية،
تاريخ النشر، التوزيع...إلخ 1999.
300 ## - الوصف المادي
عدد الوحدات المكونة للوعاء 195صفحة.
650 17 - مدخل إضافي بالموضوع - مصطلح موضوعي
مصطلح موضوعي أو اسم جغرافي كعنصر مدخل اللسانيات.
650 17 - مدخل إضافي بالموضوع - مصطلح موضوعي
مصطلح موضوعي أو اسم جغرافي كعنصر مدخل علم الدلالة.
650 17 - مدخل إضافي بالموضوع - مصطلح موضوعي
مصطلح موضوعي أو اسم جغرافي كعنصر مدخل قواعد اللغة.
650 17 - مدخل إضافي بالموضوع - مصطلح موضوعي
مصطلح موضوعي أو اسم جغرافي كعنصر مدخل علم الصرف.
650 17 - مدخل إضافي بالموضوع - مصطلح موضوعي
مصطلح موضوعي أو اسم جغرافي كعنصر مدخل الكتابة.
650 17 - مدخل إضافي بالموضوع - مصطلح موضوعي
مصطلح موضوعي أو اسم جغرافي كعنصر مدخل علم الأصوات.
942 ## - بيانات إضافية (كوها)
نوع التنصيف Dewey Decimal Classification
نوع المادة (كوها) كتب
المقتنيات
حالة السحب حالة الفقدان مصدر التصنيف حالة التلف غير قابل للإعارة المكتبة الرئيسية المكتبة الحالية موقع الرف تاريخ التزويد الرقم المتسلسل Total Checkouts رقم الإستدعاء الباركود تاريخ آخر ظهور تاريخ الفاتورة نوع المادة (كوها)
    Dewey Decimal Classification     المكتبة المركزية المكتبة المركزية الإعارة 06/07/2004 335465   401/ خ ل ي 335465 28/07/2025 06/07/2004 كتب
Implemented & Customized by: BBB with SCIT (Smart Chains for Information Technology)

Powered by Koha